[Event "8th RTU Open 2018"]
[Site "Riga"]
[Date "2018.08.07"]
[Round "3"]
[White "Hedman, Erik"]
[Black "Leenhouts, Koen"]
[Result "1-0"]
[WhiteElo "2370"]
[BlackElo "2475"]
[Annotator "ChessBase"]
[PlyCount "75"]
[EventDate "2018.08.06"]
[EventType "swiss"]
[EventCountry "LAT"]
[SourceTitle "playchess.com"]
[Source "ChessBase"]
[SourceQuality "1"]
[TimeControl "5400+30"]

1. d4 {[%emt 0:00:00]} Nf6 {[%emt 0:00:00]} 2. c4 {[%emt 0:00:00]} e6 {[%emt 0:00:00]} 3. Nf3 {[%emt 0:00:00]} d5 {[%emt 0:00:14]} 4. g3 {[%emt 0:00:12]} dxc4 {[%emt 0:00:09]} 5. Bg2 {[%emt 0:00:46]} a6 {[%emt 0:00:10]} 6. Ne5 {[%emt 0:04:11]} Bb4+ {[%emt 0:00:08]} 7. Nc3 {[%emt 0:00:23]} Nd5 {[%emt 0:00:12]} 8. O-O {[%emt 0:00:16]} Nxc3 {[%emt 0:05:32]} 9. bxc3 {[%emt 0:00:07]} Bxc3 {[%emt 0:01:33]} 10. Rb1 {[%emt 0:00:24]} Qxd4 {[%emt 0:15:05]} 11. Qa4+ {[%emt 0:08:21]} b5 {[%emt 0:19:29]} 12. Qa3 {[%emt 0:02:44]} Qxe5 {[%emt 0:03:54]} 13. Bxa8 {[%emt 0:21:20]} Qf6 {[%emt 0:05:37]} 14. Qc5 {[%emt 0:15:04]} Be5 {[%emt 0:16:19]} 15. a4 {[%emt 0:08:32]} Nd7 {[%emt 0:04:49]} 16. Qc6 {[%emt 0:05:53]} O-O {[%emt 0:01:39]} 17. axb5 {[%emt 0:04:36]} Nb6 {[%emt 0:00:57]} 18. Qe4 {[%emt 0:09:15]} Bd6 {[%emt 0:07:07]} 19. bxa6 {[%emt 0:02:06]} Bxa6 {[%emt 0:00:03]} 20. Bc6 {[%emt 0:06:11]} c3 {[%emt 0:01:49]} 21. Bb5 {[%emt 0:00:06]} Bxb5 {[%emt 0:01:27]} 22. Rxb5 {[%emt 0:00:06]} Nd5 {[%emt 0:00:14]} 23. Qc4 {[%emt 0:00:54]} h5 {[%emt 0:01:35]} 24. e4 {[%emt 0:00:35]} Nb6 {[%emt 0:00:50]} 25. Qc6 {[%emt 0:00:08]} Be5 {[%emt 0:01:49]} 26. h4 {[%emt 0:00:38]} Bd4 {[%emt 0:01:46]} 27. Kg2 {[%emt 0:01:11]} e5 {[%emt 0:02:18]} 28. Qxc7 {[%emt 0:00:16]} Ra8 {[%emt 0:01:08]} 29. Bg5 {[%emt 0:01:03]} Qe6 {[%emt 0:00:32]} 30. Rd1 {[%emt 0:01:12]} Ra2 {[%emt 0:02:20]} 31. Rxd4 {[%emt 0:00:25]} exd4 {[%emt 0:00:03]} 32. Re5 {[%emt 0:04:02]} Qb3 {[%emt 0:02:24]} 33. Be3 {[%emt 0:01:29]} Ra8 {[%emt 0:04:17]} 34. Bxd4 {[%emt 0:00:19]} Qc4 {[%emt 0:00:57]} 35. Bxb6 {[%emt 0:00:45]} Qe2 {[%emt 0:00:22]} 36. Qxc3 {[%emt 0:00:34]} f6 {[%emt 0:00:29]} 37. Re7 {[%emt 0:00:40]} Rb8 {[%emt 0:00:02]} 38. Qc7 {[%emt 0:00:38]} 1-0

[Event "8th RTU Open 2018"]
[Site "Riga"]
[Date "2018.08.07"]
[Round "3"]
[White "Stark, Lars"]
[Black "Hovhannisyan, Robert"]
[Result "0-1"]
[WhiteElo "2368"]
[BlackElo "2608"]
[Annotator "TA"]
[PlyCount "112"]
[EventDate "2018.08.06"]
[EventType "swiss"]
[EventCountry "LAT"]
[SourceTitle "playchess.com"]
[Source "ChessBase"]
[SourceQuality "1"]

{[%evp 15,112,9,29,-6,2,6,0,-10,0,-10,-10,-10,-10,-10,-10,-13,-16,-26,-19,-26,-18,-22,-22,-21,-13,-18,-13,-15,-14,-13,-13,-29,-20,-27,-29,-31,-29,-42,-42,-43,-43,-38,-28,-47,-56,-59,-52,-62,-51,-73,-56,-72,-82,-72,-66,-136,-141,-151,-143,-97,-91,-95,-77,-62,-80,-213,-191,-197,-184,-259,-246,-247,-263,-291,-225,-223,-179,-191,-110,-284,-283,-232,-197,-198,-116,-195,-188,-193,-179,-260,-249,-258,-266,-558,-376,-6111,-5820,-5293,-4843]} 1. c4 e5 2. Nc3 Bb4 3. Qc2 Nf6 4. Nf3 Nc6 5. e3 d6 6. Be2 {A28: Englische Eröffnung (Vierspringer-Variante)} (6. a3 Bxc3 7. Qxc3 Bg4 8. b4 O-O 9. Bb2 Re8 10. h3 Bxf3 11. gxf3 d5 12. O-O-O d4 13. Qc2 Qd7 {1-0 (37) Duda,J (2724)-Eljanov,P (2702) Brest 2018}) 6... O-O 7. O-O Re8 8. d3 Bf5 {LiveBook: 3 Partien} 9. a3 $146 ({Vorgänger:} 9. Ne4 a5 10. a3 Bc5 11. b3 Nxe4 12. dxe4 Bg4 13. Bb2 Re6 {½-½ (47) Rodgaard,J (2344)-Smerdon,D (2460) Turin 2006}) 9... Bxc3 10. Qxc3 e4 11. Nd4 Nxd4 12. Qxd4 c5 13. Qc3 d5 14. d4 cxd4 15. Qxd4 dxc4 16. Qxd8 Rexd8 17. Bxc4 Rac8 18. b3 a6 19. a4 Be6 20. Bxe6 fxe6 21. Bb2 Rd3 22. Bxf6 gxf6 $11 {[%mdl 4096] Endspiel KTT-KTT} 23. Rab1 Kf7 24. a5 Rd5 25. b4 Rb5 26. Rb2 Rc4 27. Rfb1 f5 {[%cal Bf6f5,Bf5f4][%mdl 32]} 28. Kf1 Kf6 29. Ke2 e5 30. Kd2 h5 31. Rb3 h4 32. R3b2 f4 33. h3 Ke6 34. Ke2 Kf5 35. Kd2 {[#]} (35. Kf1 $15) 35... f3 $1 $17 36. gxf3 exf3 37. Kd3 Rc7 {[%cal Rb5d5]} 38. e4+ Kf4 39. Rg1 {[%csl Gh3][%cal Rg1g4]} Rd7+ 40. Kc3 (40. Kc2 $17 {war angesagt.} Kxe4 41. Rg4+ Kf5 42. Rb3) 40... Kxe4 $19 41. Rg4+ Kf5 42. Rxh4 (42. Rd2 {war nötig.} Rxd2 43. Kxd2) 42... Rbd5 43. Rc2 Rd3+ 44. Kb2 R3d4 45. Rh5+ Kf4 46. Kb3 {[#]} Rd3+ (46... Rd2 $1 $19 47. Rh4+ Kg5) 47. Kb2 $2 (47. Rc3 $17 {war die einzige Chance.}) 47... Rd2 48. Rh4+ Kg5 49. Rh8 R7d4 (49... Re2 $19 {...Tc7 ist eine echte Drohung.} 50. Kc1 Rd4) 50. Kb3 {[#]} (50. h4+ $17 Kf5 51. Rf8+ Kg4 52. h5 Rxb4+ 53. Kc3 Rxc2+ 54. Kxc2 Kxh5 55. Rxf3) 50... Rxb4+ $1 {[%mdl 512]} 51. Kc3 (51. Kxb4 Rxc2) 51... Rdd4 52. Rg8+ (52. h4+ $142 Rxh4 53. Rg8+ Kh6 54. Rh8+ Kg5 55. Rg8+ Kh5 56. Rh8+ Kg6 57. Rxh4 Rxh4 58. Kd3) 52... Kf5 53. Rf8+ Ke4 54. h4 $2 (54. Rc8 {kämpft weiter.}) 54... Ra4 55. h5 $2 (55. Rc8 Rxa5 56. h5) 55... Rdc4+ 56. Kd2 Rxc2+ {Precision: Weiß = 34%, Schwarz = 78%.} 0-1

[Event "8th RTU Open 2018"]
[Site "Riga"]
[Date "2018.08.07"]
[Round "3"]
[White "Jablonicky, Martin"]
[Black "Esipenko, Andrey"]
[Result "1/2-1/2"]
[WhiteElo "2361"]
[BlackElo "2589"]
[Annotator "TA"]
[PlyCount "130"]
[EventDate "2018.08.06"]
[EventType "swiss"]
[EventCountry "LAT"]
[SourceTitle "playchess.com"]
[Source "ChessBase"]
[SourceQuality "1"]

{[%evp 18,130,7,3,3,7,17,8,14,12,18,8,18,0,14,13,26,4,12,-10,0,0,0,0,0,0,13,0,0,0,0,0,0,0,0,0,26,0,0,0,0,-5,-5,-6,-11,-14,-16,-16,0,0,0,-12,-8,-8,0,0,0,-14,-14,-27,-11,-21,-17,-18,0,0,0,0,45,50,38,0,0,0,0,0,0,0,0,0,0,-9,-15,-56,-56,-52,-53,-52,-52,-51,-52,-48,-15,-15,-15,-14,-14,-15,-8,-9,0,0,0,0,0,0,0,0,0,0,0,-1,0,0,0]} 1. e4 c5 2. Nf3 d6 3. c3 Nf6 4. Be2 Bd7 5. e5 dxe5 6. Nxe5 {B50: Sizilianisch (Verschiedenes mit 2...d6)} Nc6 7. Nxd7 Qxd7 8. O-O e6 9. d3 Be7 10. Nd2 {LiveBook: 7 Partien} O-O 11. a4 Rfd8 12. Nc4 h6 $146 ({Vorgänger:} 12... Nd5 13. Qb3 {0-1 (46) Chittka,J (2333)-Karthik,V (2514) Helsingor 2018}) 13. Re1 Qc7 14. Qc2 Rac8 15. Bf1 Nd7 16. Qe2 Na5 17. Qg4 Nf6 18. Qf4 (18. Qf3 {with more complications.} Nxc4 19. dxc4 Ne8 20. Qg4 Nf6 21. Qe2) 18... Qxf4 19. Bxf4 Nxc4 20. dxc4 g5 21. Bc1 a5 22. f4 gxf4 23. Bxf4 Bd6 24. Bc1 Kg7 25. Be2 b6 26. Rf1 Nd7 27. Be3 Ne5 28. Rad1 Be7 29. Bf4 Ng6 30. Bg3 Bh4 31. Bxh4 Nxh4 32. Bh5 Nf5 33. g4 Nd6 34. Rd3 Kf8 35. Rf6 Kg7 36. Rf1 Rc7 37. Rfd1 Rcd7 38. h4 Kf6 39. Rf1+ Ke7 40. b3 f5 41. Re3 {[#] Schwarz muss nun gxf5 beachten.} Kf6 42. Kh2 Nc8 43. gxf5 exf5 44. Bg4 Rd2+ 45. Kh1 Ne7 $36 {[%mdl 2048] Schwarz drückt.} 46. Bxf5 $1 Rd1 47. Bh3+ Rxf1+ 48. Bxf1 $11 {[%mdl 4096] Endspiel KTL-KTS} Rd1 49. Kg2 Nf5 50. Re8 Rc1 51. Rb8 Ne3+ 52. Kf2 Nxf1 53. Rxb6+ $15 {KTS-KT} Kf5 {[#] Droht ...Sd2 und aus.} 54. Rxh6 Nd2 55. Ke3 {Die Stellung ist ausgeglichen.} Ne4 56. Rh5+ Kg4 57. Rh8 Re1+ 58. Kd3 Nf2+ 59. Kd2 Re5 60. Ra8 Kf3 {Droht stark ...Te2+.} 61. Rf8+ $1 Kg2 62. b4 axb4 63. cxb4 cxb4 64. Rb8 Re4 65. Rxb4 Rxh4 {Precision: Weiß = 66%, Schwarz = 62%.} 1/2-1/2

[Event "8th RTU Open 2018"]
[Site "Riga"]
[Date "2018.08.07"]
[Round "3"]
[White "Oboladze, Luka"]
[Black "Kulaots, Kaido"]
[Result "1/2-1/2"]
[WhiteElo "2349"]
[BlackElo "2554"]
[Annotator "RC"]
[PlyCount "205"]
[EventDate "2018.08.06"]
[EventType "swiss"]
[EventCountry "LAT"]
[SourceTitle "playchess.com"]
[Source "ChessBase"]
[SourceQuality "1"]
[TimeControl "5400+30"]

1. d4 {[%emt 0:00:00]} Nf6 {[%emt 0:00:01]} 2. Nf3 {[%emt 0:00:00]} g6 {[%emt 0:01:19]} 3. c4 {[%emt 0:00:35]} Bg7 {[%emt 0:00:16]} 4. Nc3 {[%emt 0:00:07]} O-O {[%emt 0:00:47]} 5. e4 {[%emt 0:00:29]} d6 {[%emt 0:00:04]} 6. Be2 {[%emt 0:00:09]} Bg4 {[%emt 0:01:25]} 7. O-O {[%emt 0:01:36]} Nfd7 {[%emt 0:02:27]} 8. Be3 {[%emt 0:01:09]} c5 {[%emt 0:01:13]} 9. d5 {[%emt 0:01:57]} Nb6 {[%emt 0:13:33]} 10. Qb3 {[%emt 0:04:56]} e5 {[%emt 0:11:23]} 11. h3 {[%emt 0:08:10]} Bc8 {[%emt 0:03:16]} 12. Nd2 {[%emt 0:01:54]} f5 {[%emt 0:08:09]} 13. exf5 {[%emt 0:01:42]} gxf5 {[%emt 0:00:10]} 14. f4 {[%emt 0:00:09]} N8d7 {[%emt 0:02:18]} 15. Qc2 {[%emt 0:04:53]} exf4 {[%emt 0:02:07]} 16. Bxf4 {[%emt 0:00:43]} Ne5 {[%emt 0:00:07]} 17. Bd3 {[%emt 0:04:36]} Qf6 {[%emt 0:11:48]} 18. Rae1 {[%emt 0:04:33]} Bd7 {[%emt 0:05:28]} 19. Rf2 {[%emt 0:30:15]} Rae8 {[%emt 0:06:11]} 20. Ref1 {[%emt 0:00:36]} Nxd3 {[%emt 0:05:44]} 21. Qxd3 {[%emt 0:00:19]} Kh8 {[%emt 0:00:59]} 22. Nf3 {[%emt 0:04:51]} Re4 {[%emt 0:08:50]} 23. Bg5 {[%emt 0:07:57]} Rd4 {[%emt 0:03:39]} 24. Nxd4 {[%emt 0:02:49]} Qxd4 {[%emt 0:00:04]} 25. Qg3 {[%emt 0:05:08]} Nxc4 {[%emt 0:02:18]} 26. Kh1 {[%emt 0:03:34]} b5 {[%emt 0:02:05]} 27. Rf4 {[%emt 0:02:03]} Be5 {[%emt 0:01:37]} 28. Rxd4 {[%emt 0:02:34]} Bxg3 {[%emt 0:00:04]} 29. Rd3 {[%emt 0:00:22]} Be5 {[%emt 0:00:04]} 30. b3 {[%emt 0:00:49]} Nb6 {[%emt 0:01:26]} 31. Ne2 {[%emt 0:01:23]} b4 {[%emt 0:01:28]} 32. Rd2 {[%emt 0:00:46]} Bb5 {[%emt 0:01:31]} 33. Rf2 {[%emt 0:00:25]} Bxe2 {[%emt 0:03:02]} 34. Rfxe2 {[%emt 0:00:06]} Kg7 {[%emt 0:00:06]} 35. Be3 {[%emt 0:02:31]} Nd7 {[%emt 0:00:29]} 36. Rc2 {[%emt 0:01:33]} f4 {[%emt 0:00:37]} 37. Bf2 {[%emt 0:00:25]} Rf5 {[%emt 0:00:17]} 38. Rcd2 {[%emt 0:00:48]} Nf6 {[%emt 0:01:05]} 39. Bh4 {[%emt 0:01:30]} Nh5 {[%emt 0:00:21]} 40. Rd3 {[%emt 0:00:18]} Ng3+ {[%emt 0:01:25]} 41. Bxg3 {[%emt 0:00:17]} fxg3 {[%emt 0:00:04]} 42. Rf3 {[%emt 0:00:04]} Rxf3 {[%emt 0:01:01]} 43. gxf3 {[%emt 0:00:05]} Kf6 {[%emt 0:00:28]} 44. Kg2 {[%emt 0:00:10]} Kf5 {[%emt 0:00:13]} 45. Re4 {[%emt 0:00:08]} h5 {[%emt 0:00:24]} 46. h4 {[%emt 0:00:42]} a5 {[%emt 0:00:10]} 47. Re1 {[%emt 0:02:10]} Kf6 {[%emt 0:00:50]} 48. Kh3 {[%emt 0:00:17]} Kf5 {[%emt 0:00:48]} 49. Re2 {[%emt 0:00:27]} Kf6 {[%emt 0:00:20]} 50. Re4 {[%emt 0:00:16]} Kg6 {[%emt 0:00:16]} 51. Kg2 {[%emt 0:01:09]} Kf5 {[%emt 0:00:13]} 52. Rc4 {[%emt 0:00:39]} Bf4 {[%emt 0:00:52]} 53. Re4 {[%emt 0:00:34]} Be5 {[%emt 0:00:08]} 54. Re2 {[%emt 0:00:03]} Kf6 {[%emt 0:00:21]} 55. f4 {[%emt 0:01:10]} Bxf4 {[%emt 0:00:07]} 56. Re6+ {[%emt 0:00:04]} Kf5 {[%emt 0:01:20]} 57. Kf3 {[%emt 0:00:03]} Be5 {[%emt 0:00:07]} 58. Rh6 {[%emt 0:00:18]} Bf6 {[%emt 0:00:17]} 59. Kxg3 {[%emt 0:00:29]} c4 {[%emt 0:00:45]} 60. bxc4 {[%emt 0:00:55]} a4 {[%emt 0:00:11]} 61. Rxh5+ {[%emt 0:01:11]} Ke4 {[%emt 0:01:09]} 62. c5 {[%emt 0:00:35]} dxc5 {[%emt 0:01:03]} 63. d6 {[%emt 0:00:16]} c4 {[%emt 0:00:15]} 64. Rc5 {[%emt 0:00:25]} Kd4 {[%emt 0:00:14]} 65. Rf5 {[%emt 0:00:17]} Bd8 {[%emt 0:00:54]} 66. Rf8 {[%emt 0:00:05]} Bb6 {[%emt 0:00:06]} 67. Rb8 {[%emt 0:00:29]} Kc5 {[%emt 0:00:28]} 68. d7 {[%emt 0:00:30]} Bc7+ {[%emt 0:00:40]} 69. Kf3 {[%emt 0:00:27]} b3 {[%emt 0:00:33]} 70. axb3 {[%emt 0:00:20]} cxb3 {[%emt 0:00:05]} 71. Ke3 {[%emt 0:01:31]} Kc6 {[%emt 0:00:35]} 72. Rb4 {[%emt 0:00:34]} Kc5 {[%emt 0:00:50]} 73. Rb8 {[%emt 0:00:13]} Kc6 {[%emt 0:00:32]} 74. Kd3 {[%emt 0:00:12]} Kxd7 {[%emt 0:00:26]} 75. Rb4 {[%emt 0:00:09]} Ke6 {[%emt 0:00:51]} 76. Rxa4 {[%emt 0:00:08]} Kf5 {[%emt 0:00:38]} 77. Kc3 {[%emt 0:00:30]} Kg6 {[%emt 0:00:20]} 78. Rc4 {[%emt 0:01:37]} Bd8 {[%emt 0:00:13]} 79. Kxb3 {[%emt 0:00:37]} Kh5 {[%emt 0:00:06]} 80. Rc8 {[%emt 0:00:13]} Bxh4 {[%emt 0:00:07]} 81. Rg8 {[%emt 0:00:02]} Be7 {[%emt 0:00:25]} 82. Kc4 {[%emt 0:00:06]} Kh4 {[%emt 0:00:21]} 83. Kd4 {[%emt 0:00:05]} Kh3 {[%emt 0:00:16]} 84. Ke3 {[%emt 0:00:21]} Kh2 {[%emt 0:00:20]} 85. Kf2 {[%emt 0:00:11]} Bc5+ {[%emt 0:00:09]} 86. Kf3 {[%emt 0:00:12]} Kh1 {[%emt 0:00:56]} 87. Rh8+ {[%emt 0:00:16]} Kg1 {[%emt 0:00:05]} 88. Rc8 {[%emt 0:00:03]} Bd4 {[%emt 0:00:23]} 89. Rc4 {[%emt 0:00:17]} Be5 {[%emt 0:00:43]} 90. Rg4+ {[%emt 0:00:25]} Kh1 {[%emt 0:00:26]} 91. Re4 {[%emt 0:01:39]} Bd6 {[%emt 0:00:21]} 92. Re1+ {[%emt 0:00:13]} Kh2 {[%emt 0:00:05]} 93. Re6 {[%emt 0:00:11]} Bc5 {[%emt 0:00:19]} 94. Rh6+ {[%emt 0:00:07]} Kg1 {[%emt 0:00:05]} 95. Rh5 {[%emt 0:00:46]} Bb6 {[%emt 0:00:10]} 96. Rh6 {[%emt 0:00:23]} Bc5 {[%emt 0:00:06]} 97. Rc6 {[%emt 0:00:42]} Bd4 {[%emt 0:00:09]} 98. Rc4 {[%emt 0:00:09]} Be5 {[%emt 0:00:13]} 99. Re4 {[%emt 0:00:16]} Bd6 {[%emt 0:00:09]} 100. Rh4 {[%emt 0:00:05]} Bc7 {[%emt 0:00:24]} 101. Rh7 {[%emt 0:00:12]} Bd6 {[%emt 0:00:10]} 102. Rh5 {[%emt 0:00:16]} Bc7 {[%emt 0:00:11]} 103. Rc5 1/2-1/2

[Event "8th RTU Open 2018"]
[Site "Riga"]
[Date "2018.08.07"]
[Round "3"]
[White "Dhulipalla, Bala Chandra Prasad"]
[Black "Repka, Christopher"]
[Result "0-1"]
[WhiteElo "2333"]
[BlackElo "2528"]
[Annotator "ChessBase"]
[PlyCount "106"]
[EventDate "2018.08.06"]
[EventType "swiss"]
[EventCountry "LAT"]
[SourceTitle "playchess.com"]
[Source "ChessBase"]
[SourceQuality "1"]
[TimeControl "5400+30"]

1. d4 Nf6 {[%emt 0:05:22]} 2. c4 {[%emt 0:00:00]} e6 {[%emt 0:00:50]} 3. g3 {[%emt 0:00:00]} c5 {[%emt 0:00:05]} 4. d5 {[%emt 0:00:29]} exd5 {[%emt 0:00:04]} 5. cxd5 {[%emt 0:00:05]} d6 {[%emt 0:00:03]} 6. Nc3 {[%emt 0:00:08]} g6 {[%emt 0:00:03]} 7. Bg2 {[%emt 0:00:09]} Bg7 {[%emt 0:00:05]} 8. Nf3 {[%emt 0:00:05]} O-O {[%emt 0:00:04]} 9. O-O {[%emt 0:00:04]} Re8 {[%emt 0:00:05]} 10. Bf4 {[%emt 0:00:04]} Na6 {[%emt 0:00:08]} 11. Re1 {[%emt 0:01:23]} Bf5 {[%emt 0:09:51]} 12. Nd2 {[%emt 0:02:03]} Nh5 {[%emt 0:10:39]} 13. e4 {[%emt 0:01:31]} Nxf4 {[%emt 0:00:26]} 14. gxf4 {[%emt 0:00:12]} Bd7 {[%emt 0:02:49]} 15. Nc4 {[%emt 0:01:03]} Qh4 {[%emt 0:30:30]} 16. Qf3 {[%emt 0:12:52]} Bf8 {[%emt 0:08:51]} 17. e5 {[%emt 0:06:03]} Bf5 {[%emt 0:00:29]} 18. Ne4 {[%emt 0:07:53]} Bxe4 {[%emt 0:00:08]} 19. Rxe4 {[%emt 0:00:23]} f5 {[%emt 0:00:03]} 20. Ree1 {[%emt 0:12:04]} dxe5 {[%emt 0:00:13]} 21. d6 {[%emt 0:01:00]} e4 {[%emt 0:04:04]} 22. Qb3 {[%emt 0:01:41]} Kh8 {[%emt 0:06:05]} 23. Ne5 {[%emt 0:24:14]} Nb4 {[%emt 0:08:01]} 24. a3 {[%emt 0:17:39]} Rxe5 {[%emt 0:04:36]} 25. fxe5 {[%emt 0:00:50]} Nd3 {[%emt 0:00:03]} 26. Red1 {[%emt 0:00:47]} Qxf2+ {[%emt 0:03:59]} 27. Kh1 {[%emt 0:00:02]} Qd4 {[%emt 0:02:26]} 28. Rd2 {[%emt 0:03:57]} Qxe5 {[%emt 0:00:34]} 29. Bf1 {[%emt 0:01:23]} Rd8 {[%emt 0:02:27]} 30. Bxd3 {[%emt 0:00:51]} exd3 {[%emt 0:00:09]} 31. Qxd3 {[%emt 0:00:42]} Rxd6 {[%emt 0:00:04]} 32. Qe2 {[%emt 0:00:46]} Qxe2 {[%emt 0:00:13]} 33. Rxe2 {[%emt 0:00:01]} Kg7 {[%emt 0:00:08]} 34. Rc1 {[%emt 0:01:20]} Kf7 {[%emt 0:00:17]} 35. b4 {[%emt 0:01:14]} Rc6 {[%emt 0:01:00]} 36. Rd1 {[%emt 0:01:57]} Rc7 {[%emt 0:00:14]} 37. Rc1 {[%emt 0:01:15]} c4 {[%emt 0:00:14]} 38. Re5 {[%emt 0:01:41]} Bg7 {[%emt 0:00:35]} 39. Re2 {[%emt 0:00:58]} c3 {[%emt 0:01:35]} 40. Rcc2 {[%emt 0:00:38]} Bh6 {[%emt 0:00:33]} 41. Kg2 {[%emt 0:00:10]} Rc6 {[%emt 0:00:17]} 42. Re5 {[%emt 0:00:30]} Bd2 {[%emt 0:00:09]} 43. Kf3 {[%emt 0:00:20]} Kf6 {[%emt 0:00:59]} 44. Rd5 {[%emt 0:00:32]} g5 {[%emt 0:00:11]} 45. Rd7 {[%emt 0:00:15]} g4+ {[%emt 0:00:05]} 46. Kf2 {[%emt 0:00:30]} h5 {[%emt 0:01:20]} 47. Rxb7 {[%emt 0:00:09]} Re6 {[%emt 0:00:14]} 48. b5 {[%emt 0:01:09]} h4 {[%emt 0:00:38]} 49. Rc7 {[%emt 0:00:24]} Kg5 {[%emt 0:00:41]} 50. a4 {[%emt 0:00:58]} Re5 {[%emt 0:01:02]} 51. R7xc3 {[%emt 0:00:33]} Bxc3 {[%emt 0:00:15]} 52. Rxc3 {[%emt 0:00:02]} Re4 {[%emt 0:00:08]} 53. Ra3 {[%emt 0:00:19]} Rb4 {[%emt 0:00:30]} 0-1

[Event "8th RTU Open 2018"]
[Site "Riga"]
[Date "2018.08.07"]
[Round "3"]
[White "Sergienko, Sergey"]
[Black "Kollars, Dmitrij"]
[Result "0-1"]
[WhiteElo "2327"]
[BlackElo "2549"]
[Annotator "ChessBase"]
[PlyCount "76"]
[EventDate "2018.08.06"]
[EventType "swiss"]
[EventCountry "LAT"]
[SourceTitle "playchess.com"]
[Source "ChessBase"]
[SourceQuality "1"]
[TimeControl "5400+30"]

1. Nf3 {[%emt 0:00:00]} d5 {[%emt 0:00:54]} 2. c4 {[%emt 0:00:00]} d4 {[%emt 0:00:22]} 3. b4 {[%emt 0:00:29]} Bg4 {[%emt 0:00:26]} 4. Qb3 {[%emt 0:03:18]} Nf6 {[%emt 0:01:02]} 5. Bb2 {[%emt 0:09:33]} Bxf3 {[%emt 0:04:14]} 6. exf3 {[%emt 0:15:25]} e5 {[%emt 0:02:47]} 7. Be2 {[%emt 0:07:34]} Be7 {[%emt 0:06:37]} 8. d3 {[%emt 0:01:14]} a5 {[%emt 0:03:40]} 9. bxa5 {[%emt 0:05:07]} Nbd7 {[%emt 0:01:11]} 10. O-O {[%emt 0:01:43]} O-O {[%emt 0:01:14]} 11. Nd2 {[%emt 0:01:31]} Rxa5 {[%emt 0:08:06]} 12. Qc2 {[%emt 0:02:05]} Nc5 {[%emt 0:05:15]} 13. Nb3 {[%emt 0:01:29]} Ra6 {[%emt 0:01:00]} 14. Nxc5 {[%emt 0:14:00]} Bxc5 {[%emt 0:00:34]} 15. Bc1 {[%emt 0:00:45]} Qd6 {[%emt 0:01:29]} 16. g3 {[%emt 0:00:40]} Ba3 {[%emt 0:09:25]} 17. Bd2 {[%emt 0:01:38]} Qe6 {[%emt 0:05:43]} 18. Rab1 {[%emt 0:05:10]} b6 {[%emt 0:01:48]} 19. Rfe1 {[%emt 0:00:44]} Bd6 {[%emt 0:01:28]} 20. a4 {[%emt 0:08:51]} Qd7 {[%emt 0:05:47]} 21. Rb5 {[%emt 0:03:19]} Rfa8 {[%emt 0:00:47]} 22. a5 {[%emt 0:04:16]} bxa5 {[%emt 0:00:43]} 23. Qa4 {[%emt 0:00:09]} c6 {[%emt 0:01:09]} 24. Rb2 {[%emt 0:00:46]} Qc7 {[%emt 0:03:00]} 25. c5 {[%emt 0:07:37]} Bxc5 {[%emt 0:00:25]} 26. f4 {[%emt 0:01:58]} Bb4 {[%emt 0:02:38]} 27. Bxb4 {[%emt 0:02:08]} axb4 {[%emt 0:00:22]} 28. Qxb4 {[%emt 0:00:04]} Nd5 {[%emt 0:00:59]} 29. Qb7 {[%emt 0:00:25]} Qxb7 {[%emt 0:03:15]} 30. Rxb7 {[%emt 0:00:02]} exf4 {[%emt 0:00:06]} 31. Bf3 {[%emt 0:00:33]} fxg3 {[%emt 0:00:08]} 32. hxg3 {[%emt 0:00:05]} g6 {[%emt 0:02:24]} 33. Re4 {[%emt 0:01:59]} Ra4 {[%emt 0:02:14]} 34. Re5 {[%emt 0:00:11]} Rd8 {[%emt 0:01:00]} 35. Re1 {[%emt 0:01:29]} Ra3 {[%emt 0:01:23]} 36. Be4 {[%emt 0:00:17]} c5 {[%emt 0:01:52]} 37. Rb5 {[%emt 0:01:04]} Rc3 {[%emt 0:00:36]} 38. Ra1 {[%emt 0:00:37]} Nf6 {[%emt 0:00:28]} 0-1

[Event "8th RTU Open 2018"]
[Site "Riga"]
[Date "2018.08.07"]
[Round "3"]
[White "Faibisovich, Vadim Z"]
[Black "Maiorov, Nikita"]
[Result "1/2-1/2"]
[WhiteElo "2310"]
[BlackElo "2504"]
[Annotator "RC"]
[PlyCount "101"]
[EventDate "2018.08.06"]
[EventType "swiss"]
[EventCountry "LAT"]
[SourceTitle "playchess.com"]
[Source "ChessBase"]
[SourceQuality "1"]
[TimeControl "5400+30"]

1. e4 {[%emt 0:00:00]} e5 {[%emt 0:01:55]} 2. Nf3 {[%emt 0:00:39]} Nc6 {[%emt 0:02:22]} 3. Nc3 {[%emt 0:00:56]} Nf6 {[%emt 0:00:06]} 4. Bb5 {[%emt 0:01:42]} Bd6 {[%emt 0:00:11]} 5. O-O {[%emt 0:04:20]} O-O {[%emt 0:00:08]} 6. d3 {[%emt 0:04:49]} Re8 {[%emt 0:02:44]} 7. a3 {[%emt 0:04:04]} Bf8 {[%emt 0:00:53]} 8. Bc4 {[%emt 0:00:59]} h6 {[%emt 0:03:50]} 9. h3 {[%emt 0:05:12]} d6 {[%emt 0:00:11]} 10. Nh2 {[%emt 0:05:44]} Ne7 {[%emt 0:13:24]} 11. f4 {[%emt 0:02:02]} exf4 {[%emt 0:00:42]} 12. Bxf4 {[%emt 0:00:39]} Ng6 {[%emt 0:01:56]} 13. Bg3 {[%emt 0:01:09]} c6 {[%emt 0:01:15]} 14. Nf3 {[%emt 0:10:10]} d5 {[%emt 0:02:02]} 15. exd5 {[%emt 0:05:54]} cxd5 {[%emt 0:00:15]} 16. Bb3 {[%emt 0:02:31]} Be6 {[%emt 0:05:08]} 17. Nd4 {[%emt 0:02:33]} Bc5 {[%emt 0:00:59]} 18. Bf2 {[%emt 0:00:34]} Bd6 {[%emt 0:03:56]} 19. Nce2 {[%emt 0:03:21]} Bc7 {[%emt 0:02:18]} 20. Bg3 {[%emt 0:04:31]} Bb6 {[%emt 0:09:20]} 21. Kh1 {[%emt 0:00:53]} Qd7 {[%emt 0:00:41]} 22. Nxe6 {[%emt 0:01:21]} Rxe6 {[%emt 0:02:33]} 23. Nf4 {[%emt 0:05:30]} Nxf4 {[%emt 0:01:02]} 24. Bxf4 {[%emt 0:00:12]} Rae8 {[%emt 0:01:17]} 25. Qf3 {[%emt 0:05:56]} Bd4 {[%emt 0:00:22]} 26. c3 {[%emt 0:02:31]} Be3 {[%emt 0:03:07]} 27. Rae1 {[%emt 0:04:06]} Bxf4 {[%emt 0:00:11]} 28. Rxe6 {[%emt 0:00:07]} Rxe6 {[%emt 0:00:14]} 29. Qxf4 {[%emt 0:00:33]} Qb5 {[%emt 0:00:13]} 30. Qb4 {[%emt 0:04:54]} Qxd3 {[%emt 0:00:19]} 31. Rd1 {[%emt 0:00:23]} Qe2 {[%emt 0:13:11]} 32. Qxb7 {[%emt 0:01:07]} Ne4 {[%emt 0:01:23]} 33. Kh2 {[%emt 0:07:56]} Rg6 {[%emt 0:01:22]} 34. Rg1 {[%emt 0:00:20]} Kh7 {[%emt 0:05:30]} 35. Bxd5 {[%emt 0:01:51]} Nd6 {[%emt 0:00:21]} 36. Qa8 {[%emt 0:01:56]} Qe5+ {[%emt 0:01:45]} 37. g3 {[%emt 0:02:26]} h5 {[%emt 0:00:09]} 38. Bf3 {[%emt 0:02:34]} h4 {[%emt 0:03:52]} 39. Qd5 hxg3+ {[%emt 0:00:10]} 40. Kh1 {[%emt 0:01:39]} Qe3 {[%emt 0:01:13]} 41. Bg2 {[%emt 0:00:46]} f5 {[%emt 0:00:45]} 42. c4 {[%emt 0:01:26]} Qe2 {[%emt 0:01:25]} 43. Rf1 {[%emt 0:00:39]} Ne4 {[%emt 0:03:04]} 44. Qxf5 {[%emt 0:00:34]} Nf2+ {[%emt 0:00:24]} 45. Kg1 {[%emt 0:00:12]} Qxc4 {[%emt 0:05:10]} 46. Qh5+ {[%emt 0:00:36]} Rh6 {[%emt 0:00:07]} 47. Qf5+ {[%emt 0:00:07]} Kh8 {[%emt 0:00:49]} 48. Qf8+ {[%emt 0:00:11]} Kh7 {[%emt 0:01:22]} 49. Qf5+ {[%emt 0:00:01]} Kh8 {[%emt 0:00:10]} 50. Qf8+ {[%emt 0:00:05]} Kh7 {[%emt 0:00:11]} 51. Qf5+ 1/2-1/2